000
00395nam a2200133Ia 4500
008
151001s9999||||xx |||||||||||||| ||und||
100
_a
आप्पासाहेब माळी
245
_a
कोल्हापुरी रंग ढंग
250
_a
1
260
_b
आलोक प्रकाशन कोल्हापूर
260
_c
2012
300
_a
130
365
_b
21
999
_c
998954
_d
998951